Top 10 des pays où l'on mange le mieux (2019) (AVEC CARTE) - Statistiques

Statistiques générales
  • Ce quiz a été pris 739 fois
  • Le résultat moyen est 7 sur 10
Réponses sur la Carte
Les réponses sont colorées sur une échelle allant du rouge au vert en fonction du pourcentage des utilisateurs qui les ont devinées à leur premier essai. Vous pouvez retrouver ces pourcentages ci-dessous.
 
Statistiques - réponses
Pays Capitales % Correct
2 France
100%
7 Italie
95%
8 Espagne
92%
3 Chine
91%
10 Etats-Unis
89%
4 Japon
89%
5 Inde
82%
6 Thaïlande
56%
1 Pérou
29%
9 Malaisie
17%
Aucun quiz correspondant
Distribution des résultats
% des personnes avec chaque résultat
Percentile par nombre de réponses
Votre historique - résultats
Vous n’avez pas pris ce quiz